00464nam a2200121Ia 4500008004100000100003000041245009400071245005900165260005900224650001800283650001500301856002600316170221s9999 xx 000 0 und d aMamghani, Nasser Kolaini. aDesigning an Educational Aid Tool to Learning Waste Separation for 5-7 Years Old Children cNasser Kolaini Mamghani, Sara Mostowfi, Mehdi Khorram. bOnline Journal of Communication and Media Technologies xCommunication xMedia Arts uhttp://www.ojcmt.net/